000 nam a22 7a 4500
999 _c15235
_d15235
005 20200603093532.0
008 200603b xxu||||| |||| 00| 0 eng d
040 _cuk
050 _aPR6073.A413 B63
082 _aPR6073.A413 B63
100 _aMartin Walker
245 _aBlack Diamond
_ba bruno courreges investigation
260 _aLondon
_bQuercus
_c2010
300 _a354,p.
_c22cm
942 _2lcc
_cOS
_hPR6073.A413 B63